Welcome to the Holygrace Academy Library

Please use search bar below to get started

AS I SEE (Record no. 5013)

MARC details
000 -LEADER
fixed length control field 00292nam a22001337a 4500
020 ## - INTERNATIONAL STANDARD BOOK NUMBER
ISBN 81-207-2938-2
082 ## - DEWEY DECIMAL CLASSIFICATION NUMBER
Classification number 920
Item number BED/A
100 ## - MAIN ENTRY--AUTHOR NAME
Personal name BEDI, KIRAN
245 ## - TITLE STATEMENT
Title AS I SEE
260 ## - PUBLICATION, DISTRIBUTION, ETC. (IMPRINT)
Place of publication DELHI
Name of publisher STERLING PUBLISHERS
300 ## - PHYSICAL DESCRIPTION
Number of Pages 373
650 ## - SUBJECT ADDED ENTRY--TOPICAL TERM
Topical Term PERSONALITY DEVELOPMENT
Geographic subdivision DELHI
942 ## - ADDED ENTRY ELEMENTS (KOHA)
Koha item type Books
Holdings
Withdrawn status Lost status Collection code Home library Current library Shelving location Date acquired Source of acquisition Full call number Accession Number Koha item type
    Reference Main Library Main Library SHELF-17G-PERSONALITY DEVELOPMENT BOOKS 02/03/2006 PURCHASE 920 BED/A 01193 Books